00508 2200205 4500001002100000005001700021008004100038035002400079082001000103090002000113100002000133245003800153260002600191300001800217650001900235850001500254980001300269985000600282999001400288YOGYA-0209000004815920090227031856.0 ind  0010-020900000048159 a070.1 a070.1bYam PlT aYAMIN, Muhammad aPers-merdekacoleh Muhammad Yamin a[s.l.]b[s.n.]c[s.a] a40 hlmc18 cm aPers Indonesia aYOPDYOG(M) a10-10-07 a1 a000063885